Nadir Shah in India /

Bibliographic Details
Main Author: Sarkar, Jadunath, Sir, 1870-1958
Format: Book
Language:English
Published: Calcutta : Naya Prokash, 1973.
Series:Patna University readership lectures ; 1922.
Subjects:

MARC

Tag First Indicator Second Indicator Subfields
LEADER 00000cam a2200000 a 4500
001 in00000091831
005 20150923131856.0
008 741204r1973 ii b 00110 eng d
035 |a (OCoLC)01097965 
035 |9 AAK7167AM 
040 |a RRR  |c RRR  |d m.c.  |d TXA  |d UtOrBLW 
049 |a TXAM  |c [1443331] 
090 |a DS461.8  |b  S3 1973 
100 1 |a Sarkar, Jadunath,  |c Sir,  |d 1870-1958. 
245 1 0 |a Nadir Shah in India /  |c Sir Jadunath Sarkar. 
264 1 |a Calcutta :  |b Naya Prokash,  |c 1973. 
300 |a 87, vii pages ;  |c 22 cm. 
336 |a text  |b txt  |2 rdacontent 
337 |a unmediated  |b n  |2 rdamedia 
338 |a volume  |b nc  |2 rdacarrier 
490 1 |a Patna University readership lectures ;  |v 1922 
500 |a Reprint. Originally published: Patna University, 1925. 
500 |a Contains six lectures delivered by the author in 1922, compressed and re-arranged. 
504 |a Includes bibliographical references and index. 
600 0 0 |a Nādir Shāh,  |c Shah of Iran,  |d 1688-1747. 
651 0 |a India  |x History  |y 18th century. 
830 0 |a Patna University readership lectures ;  |v 1922. 
999 |a MARS 
999 f f |s 171e85d4-e2c6-3d01-bb14-c786c37db360  |i 2ad9d800-7704-38d8-87ff-8feaf7ccebdb  |t 0 
952 f f |p ric  |a Texas A&M University  |b Rellis Campus  |c Joint Library Facility  |d Remote Storage  |t 0  |e DS461.8 S3 1973  |h Library of Congress classification  |i unmediated -- volume  |m A14806004253 
998 f f |a DS461.8 S3 1973  |t 0  |l Remote Storage